Antología

Đã lưu trong:
Chi tiết về thư mục
Những tác giả chính: Jotabeche José Joaquín Vallejo (Tác giả), Vallejo, Jose Joaquin (Tác giả), Silva Castro, Raul (Tác giả)
Định dạng: Sách
Ngôn ngữ:Tiếng Tây Ban Nha
Được phát hành: Santiago Andrés Bello 1970
Những chủ đề:
Các nhãn: Thêm thẻ
Không có thẻ, Là người đầu tiên thẻ bản ghi này!

MARC

LEADER 00000nam a2200000 a 4500
001 UCZ0016
003 CL-VaPUC
008 950724e19700000CL |||||||||||||||||spa|d
082 0 4 |a Ch863  |b JOT  |2 21 
100 |a Jotabeche  |e author  |q José Joaquín Vallejo  |9 420316 
700 0 |a Vallejo, Jose Joaquin  |e author  |9 342587 
700 0 |a Silva Castro, Raul  |e author  |9 342588 
245 1 0 |a Antología 
300 |a 264 p 
942 |c BK 
945 |d 19950724 00:00:00  |a cmena 
260 |a Santiago  |b Andrés Bello  |c 1970 
650 0 |a Literatura chilena   |9 308278 
650 0 |a Antologías  |9 309836 
650 0 |a Cuentos chilenos   |9 308280 
650 0 |a Biografías  |9 255210 
583 |a last modification  |c 19950724 00:00:00  |k Rodrigo Vera 
999 |c 236995  |d 236993 
952 |0 0  |1 0  |4 0  |6 CH_863_000000000000000_JOT_1970  |7 0  |8 A  |9 245615  |a BIBEDU  |b BIBEDU  |d 2019-11-18  |i 1540548  |o Ch863 JOT 1970  |p 1540548  |r 2019-11-18  |w 2019-11-18  |y BK  |k EDU 
952 |0 0  |1 0  |4 0  |6 CH_863_000000000000000_JOT_1970  |7 0  |8 A  |9 245616  |a BIBEDU  |b BIBEDU  |d 2019-11-18  |i 1447920  |o Ch863 JOT 1970  |p 1447920  |r 2019-11-18  |w 2019-11-18  |y BK  |k LIT